| 000 | 01228 a2200241 4500 | ||
|---|---|---|---|
| 003 | Nust | ||
| 005 | 20221117100043.0 | ||
| 010 | _a 93174135 | ||
| 020 | _a0582089670 | ||
| 035 | _a(OCoLC)27784892 | ||
| 040 | _cNust | ||
| 082 | 0 | 0 | _a621.37,BOL |
| 100 | 1 | _aBolton, W. | |
| 245 | 1 | 0 |
_aElectrical and electronic measurement and testing / _cW. Bolton. |
| 260 |
_aHarlow, Essex, England : _bLongman Scientific & Technical, _c1992. |
||
| 300 |
_ax, 268 p. : _bill. ; _c25 cm. |
||
| 505 | _aMeasurement and Testing (Page-1), Performance Specifications (Page-22), Sources of Error (Page-36), Reliability (Page-50), Units And Standards (Page-60), Analogue Meters (Page-65), Digital Meters (Page-90), Recorders (Page-99), Component Measurement (Page-115), Power and Energy Measurement (Page-146), Oscilloscopes (Page-153), Counters (Page-172), Signal Sources (Page-179), Signal Analysis (Page-188), Digital Circuit Testing (Page-202), Automating Instruments (Page-210), Instrumentation Sys (Page-217), Test Procedures (Page-235). | ||
| 650 | 0 |
_aElectric measurements. _941286 |
|
| 650 | 0 |
_aElectric testing. _941130 |
|
| 650 | 0 |
_aElectronic instruments. _935963 |
|
| 650 | 0 |
_aElectronic measurements. _941546 |
|
| 942 |
_2ddc _cBK |
||
| 999 |
_c181081 _d181081 |
||